Asian Capital Border Blitz Quiz Stats

Quiz Updated Apr 21, 2013

Challenge
Share
Tweet
Embed
Score 0/49 Timer 01:00
5 Plays Today
Capital (Country) % Correct
Beijing (China)
98.7%
Pyongyang (North Korea)
96.6%
Islamabad (Pakistan)
96.3%
Naypyidaw (Myanmar)
96.3%
Moscow (Russia)
96.3%
Astana (Kazakhstan)
95.7%
New Delhi (India)
95.5%
Ulaanbaatar (Mongolia)
95%
Vientiane (Laos)
94.6%
Kabul (Afghanistan)
94.3%
Kathmandu (Nepal)
94.2%
Thimphu (Bhutan)
93.8%
Dushanbe (Tajikistan)
92%
Hanoi (Vietnam)
91.9%
Bishkek (Kyrgyzstan)
91.3%
Baku (Azerbaijan)
82.8%
Tehran (Iran)
79.8%
Baghdad (Iraq)
78.3%
Tbilisi (Georgia)
77.8%
Ankara (Turkey)
75.2%
Amman (Jordan)
72.3%
Damascus (Syria)
71.8%
Kuala Lumpur (Malaysia)
70.3%
Riyadh (Saudi Arabia)
68.8%
Tokyo (Japan)
67.1%
Capital (Country) % Correct
Yerevan (Armenia)
67%
Ashgabat (Turkmenistan)
66.5%
Phnom Penh (Cambodia)
62.8%
Bangkok (Thailand)
61.1%
Kuwait City (Kuwait)
61%
Dhaka (Bangladesh)
60%
Jakarta (Indonesia)
58%
Jerusalem (Israel)
57.3%
Seoul (South Korea)
56.8%
Tashkent (Uzbekistan)
54.7%
Muscat (Oman)
53.3%
Beirut (Lebanon)
51.9%
Abu Dhabi (UAE)
51.7%
Dili (Timor-Leste)
50.7%
Sana'a (Yemen)
50.3%
Doha (Qatar)
48.4%
Ramallah (Palestine)
47.9%
Manila (Philippines)
35.6%
Singapore (Singapore)
35.1%
Bandar Seri Begawan (Brunei)
29.3%
Taipei (Taiwan)
25.3%
Sri-Jaya. Kotte (Sri Lanka)
20.3%
Male (Maldives)
20.3%
Manama (Bahrain)
14.8%

You're not logged in!

Compare scores with friends on all Sporcle quizzes.
Sign Up with Email
OR
Log In

You Might Also Like...

Show Comments

Extras

Top Quizzes Today


Score Distribution

Your Account Isn't Verified!

In order to create a playlist on Sporcle, you need to verify the email address you used during registration. Go to your Sporcle Settings to finish the process.